| 000 | 00789nam a22002055i 4500 | ||
|---|---|---|---|
| 001 | 54413 | ||
| 003 | ES-MaACL | ||
| 005 | 20230906162941.0 | ||
| 007 | t| | ||
| 008 | 960722s1871 sp ||||1| spa d | ||
| 040 |
_aCAM _bspa _cCAM |
||
| 080 | _a082 Fors, Luis Ricardo | ||
| 100 | 1 |
_aFors, Luis Ricardo. _951817 |
|
| 245 | 1 | 0 |
_aMiscelánea americana / _cpor Luis Ricardo Fors ; escritos publicados en la América Meridional sobre política, administración ... |
| 260 |
_aMadrid : _b[s.n.], _c1871 ( _fimprenta de Diego Valero) |
||
| 300 |
_a454, [6] p. ; _c18 cm. |
||
| 530 | _aDisponible también en sitio web. | ||
| 852 |
_aES-MaACL _jD-1859 |
||
| 856 |
_uhttp://bibliotecadigitalhispanica.bne.es:80/webclient/DeliveryManager?pid=2694800&custom_att_2=simple_viewer _zIr a la página |
||
| 999 |
_c54413 _d54413 |
||